<?xml version="1.0" encoding="UTF-8"?>
<marc:record xmlns:marc="http://www.loc.gov/MARC21/slim">
   <marc:leader>00000nam a2200000 a 4500</marc:leader>
   <marc:datafield ind1="1" ind2=" " tag="100">
      <marc:subfield code="a">Haran, Elizabeth</marc:subfield>
      <marc:subfield code="4">aut</marc:subfield>
      <marc:subfield code="e">Verfasser/-in</marc:subfield>
   </marc:datafield>
   <marc:datafield ind1=" " ind2=" " tag="653">
      <marc:subfield code="a">Australien</marc:subfield>
   </marc:datafield>
   <marc:datafield ind1="0" ind2="0" tag="245">
      <marc:subfield code="a">Der Duft der Eukalyptusblüte</marc:subfield>
   </marc:datafield>
   <marc:datafield ind1="0" ind2="0" tag="245">
      <marc:subfield code="c">Elizabeth Haran</marc:subfield>
   </marc:datafield>
   <marc:datafield ind1=" " ind2="1" tag="264">
      <marc:subfield code="a">München</marc:subfield>
      <marc:subfield code="b">Ehrenwirth</marc:subfield>
      <marc:subfield code="c">2009</marc:subfield>
   </marc:datafield>
   <marc:datafield ind1="1" ind2=" " tag="520">
      <marc:subfield code="a">Südaustralien, 1866: Die schöne und mittellose Abigail wird gegen ihren Willen mit einem alten Landbesitzer verheiratet, der dringend Erben braucht. Doch in der Hochzeitsnacht geschieht etwas Schreckliches... Entsetzt flieht Abbey aus Martindale Hall. Sie selbst hat keine Erinnerung an die vergangene Nacht, aber niemand schenkt ihr Glauben. Sie weiß nicht, wo sie Zuflucht suchen soll, und taucht zunächst in der benachbarten Stadt Clare unter. Dort scheint sich das Glück zu ihren Gunsten zu wenden: Sie trifft auf Jack Hawker, der für seine Mutter eine Gesellschaftsdame sucht, um ihr das Leben auf seiner abgelegenen Farm Bungaree Station erträglicher zu machen. Aber wenige Tage später erscheint ein Besucher aus Martindale Hall auf der Farm, der unglaubliche Vorwürfe gegen Abbey erhebt ...</marc:subfield>
   </marc:datafield>
   <marc:datafield ind1=" " ind2=" " tag="020">
      <marc:subfield code="a">9783431037814</marc:subfield>
      <marc:subfield code="9">9783431037814</marc:subfield>
   </marc:datafield>
   <marc:datafield ind1=" " ind2=" " tag="020">
      <marc:subfield code="a">343103781X</marc:subfield>
      <marc:subfield code="9">343103781X</marc:subfield>
   </marc:datafield>
   <marc:datafield ind1=" " ind2=" " tag="500">
      <marc:subfield code="a">Aus dem Engl. übers. von Sylivia Strasser</marc:subfield>
   </marc:datafield>
   <marc:datafield ind1=" " ind2=" " tag="300">
      <marc:subfield code="a">524 S.</marc:subfield>
   </marc:datafield>
</marc:record>
